Detalles MARC
| 000 -LÍDER |
| Campo fijo de descripción fija |
01812aam a2200373 i 4500 |
| 001 - NÚMERO DE CONTROL |
| Campo de control |
768714001 |
| 003 - IDENTIFICADOR DEL NÚMERO DE CONTROL |
| Campo de control |
CO-MdFUSB |
| 005 - FECHA Y HORA DE LA ULTIMA TRANSACCIÓN |
| control field |
20231205145341.0 |
| 007 - CAMPO FIJO DE DESCRIPCIÓN FIJA--INFORMACIÓN GENERAL |
| Campo fijo de descripción fija |
ta |
| 008 - ELEMENTOS DE LONGITUD FIJA -- INFORMACIÓN GENERAL |
| Campo fijo de descripción fija -- Información general |
231101t20042004spa||||g |||| 00| 0 spa d |
| 020 ## - NÚMERO INTERNACIONAL NORMALIZADO PARA LIBROS |
| Número Internacional Normalizado del libro |
8432134945 |
| 040 ## - FUENTE DE CATALOGACIÓN |
| Agencia de catalogación original |
CO-MdFUSB |
| Idioma de catalogación |
spa |
| Agencia que realiza la transcripción |
CO-MdFUSB |
| Agencia que realiza la modificación |
CO-MdFUSBC |
| Convenciones de la descripción |
rda |
| 041 ## - CÓDIGO DE IDIOMA |
| Código de idioma para texto/pista de sonido o título separado |
spa |
| 082 ## - NÚMERO DE CLASIFICACIÓN DECIMAL DEWEY |
| Número de la edición del Dewey |
23 |
| Número de clasificación |
946.057 |
| Clave de autor-Numero de item |
M378 |
| 100 ## - ASIENTO PRINCIPAL--NOMBRE PERSONAL |
| Nombre personal |
Martí Gilabert, Francisco, |
| Término relacionador |
autor |
| 245 ## - TÍTULO |
| Título del Material |
Carlos III y la politica religiosa |
| Mención de responsabilidad, etc. |
/ Francisco Martí Gilabert |
| 264 #1 - PRODUCCIÓN, PUBLICACIÓN, DISTRIBUCIÓN, MANUFACTURA, Y COPYRIGHT |
| Lugar de producción, publicación, distribución, manufactura |
Madrid, España : |
| Nombre del productor, publicador, distribuidor |
Ediciones Rialp, |
| Fecha de producción, publicación, distribución, manufactura, o copyright |
[2004] |
| 264 #4 - PRODUCCIÓN, PUBLICACIÓN, DISTRIBUCIÓN, MANUFACTURA, Y COPYRIGHT |
| Fecha de producción, publicación, distribución, manufactura, o copyright |
©2004 |
| 300 ## - DESCRIPCIÓN FÍSICA |
| Extensión |
195 páginas |
| Dimensiones |
19 cm |
| 336 ## - TIPO DE CONTENIDO |
| Fuente |
rdacontent |
| Término de tipo de contenido |
texto |
| Código de tipo de contenido |
txt |
| 337 ## - TIPO DE MEDIO |
| Fuente |
rdamedia |
| Nombre del tipo de medio |
sin mediación |
| Código del tipo de medio |
n |
| 338 ## - TIPO DE SOPORTE |
| Fuente |
rdacarrier |
| Nombre del tipo de soporte |
volumen |
| Código Tipo de soporte |
nc |
| 504 ## - NOTA DE BIBLIOGRAFÍA, ETC. |
| Nota de bibliografía, etc |
Incluye índice y bibliografía |
| 505 ## - NOTA DE CONTENIDO |
| Título |
Carlos III: |
| Nota de contenido con formato preestablecido |
Consideraciones generales -- El nuevo Rey de España -- Muerte de la inquisición -- El despotismo ilustrado. |
| 505 ## - NOTA DE CONTENIDO |
| Título |
Regalismo Carolino: |
| Nota de contenido con formato preestablecido |
Rodríguez de Campomanes -- Disposiciones reales -- Los cementerios -- Presentación de los obispos -- Mordaza a la universidad. |
| 505 ## - NOTA DE CONTENIDO |
| Título |
El motín de Esquilache y sus consecuencias: |
| Nota de contenido con formato preestablecido |
Ambiente hostil a los jesuitas -- Monopolio de la enseñanza -- El motín de Esquilache -- El obispo de cuenca: su oposición al gobierno. |
| 505 ## - NOTA DE CONTENIDO |
| Título |
Expulsión de los jesuitas de España: |
| Nota de contenido con formato preestablecido |
El consejo extraordinario -- La opinión episcopal -- Extradición de los jesuitas de España -- Causas de la expulsión -- El monitorio de Parma. |
| 505 ## - NOTA DE CONTENIDO |
| Título |
Extinción de la compañía de Jesús: |
| Nota de contenido con formato preestablecido |
Consigna de los Borbones -- Clemente XIV: entre dos frentes -- Extinción de la compañía de Jesús -- De Pio VI a Pio VII |
| 563 ## - NOTA DE ENCUADERNACIÓN |
| Nota de encuadernación |
Rústico. |
| 650 #7 - ASIENTO SECUNDARIO DE MATERIA - TERMINO TEMÁTICO |
| 9 (RLIN) |
288 |
| Término temático o nombre geográfico como elemento de entrada |
Iglesia y Estado |
| Subdivisión cronológica |
1759-1788 |
| 651 #0 - ASIENTO SECUNDARIO DE MATERIA - NOMBRE GEOGRAFICO |
| Nombre geográfico |
España, |
| Subdivisión general |
Religión |
| Subdivisión cronológica |
1759-1788 |
| 942 ## - TIPO DE MATERIAL (KOHA) |
| Tipo de Item KOHA |
Libros General |
| 945 ## - INFORMACIÓN LOCAL DEL REGISTRO |
| Catalogador |
sor1564 |